000 00585nam a2200205Ia 4500
005 20250923145307.0
008 008 250917s9999 xx 000 0 eng d
037 _aTextual
040 _aDSWL
_beng
_cDSWL
041 _aeng
_2eng
084 _aX.4(Y:434):g, N70
_qDSWL
100 _aMyrdal, Gunnar
_9833778
245 0 _aChallenge of World Poverty
_c by Gunnar Myrdal
260 _aNew York
_b Pantheon Books
_c1970
300 _axv,517 p.
365 _aUSD
_b8 . 95
925 _g8 . 95
942 _cTEXL
_hX.4(Y:434):g, N70
999 _c1449581
_d1449581